000 00383cam a2200145ua 4500
041 _aeng
_h
082 _a822
_bCHA/GO
100 _aChatwin, G A F M .
245 _aGold Smith: She stoops to conquer /
_cG A F M Chatwin.
_hTextual Documents
260 _aLondon :
_bOxford at the Clarendon Press ,
_c1961.
300 _a100 ; .
504 _a
942 _cBK
999 _c6105
_d6105